000 00516nam a22001937a 4500
003 LK-CoMWRAF
005 20231113123147.0
008 231022b2002 |||||||| |||| 00| 0 eng d
020 _a1566634210
040 _aLK-CoMWRAF
_dLK-CoMWRAF
_eLK-CoMWRAF
041 _aeng
082 _a909
_bBLA
100 _aBlainey, Geoffrey
245 _aA short history of the world
260 _aChicago :
_bIvan R. Dee,
_c2002
300 _axi, 464 p.
_bBibliography and index included
650 _aWORLD HISTORY
942 _cBK
999 _c3969
_d3969